1st, 2nd and 3rd largest cities in countries (#1) - Statistics

General Stats
  • This quiz has been taken 76 times
  • The average score is 14 of 15
Answer Stats
Country Rank in country Population Answer % Correct
France 1st 2,190,327 Paris
100%
Italy 1st 2,856,133 Rome
100%
Japan 1st 9,555,919 Tokyo
100%
Germany 1st 3,644,826 Berlin
98%
United States 1st 8,398,748 New York
98%
2nd 3,990,456 Los Angeles
97%
3rd 515,695 Lyon
97%
2nd 862,211 Marseille
97%
2nd 1,378,689 Milan
97%
3rd 1,471,508 Munich
97%
3rd 2,705,994 Chicago
95%
2nd 1,841,179 Hamburg
95%
3rd 959,188 Naples
95%
3rd 2,725,006 Osaka
95%
2nd 3,740,172 Yokohama
68%
No matching quizzes found
Score Distribution
Percent of People with Each Score
Percentile by Number Answered
Your Score History
You have not taken this quiz